Gods and myths of Ancient Egypt / (Record no. 63483)
[ view plain ]
| 000 -الفاتح | |
|---|---|
| حقل البيانات ثابتة الطول | 01029cam a2200313 i 4500 |
| 005 - وقت وتاريخ اخر تعامل مع التسجيلة | |
| رقم الضبط | 20240530110643.0 |
| 008 - عناصر البيانات ثابتة الطول - معلومات عامة | |
| حقل البيانات ثابتة الطول | 160614s2016 ua b 001 0 eng |
| 020 ## - الرقم الدولى المعيارى للكتب | |
| الرقم الدولى المعيارى للكتاب | 9789774167485 |
| 040 ## - مصدر الفهرسة | |
| وكالة الفهرسة الأصلية | DLC |
| لغة الفهرسة | eng |
| قواعد الوصف | rda |
| وكالة النسخ | DLC |
| وكالة التعديل | DLC |
| 042 ## - | |
| -- | pcc |
| 050 00 - | |
| -- | BL2450.G6 |
| -- | A75 2016 |
| 082 04 - رقم تصنيف ديوى العشرى | |
| رقم الطبعة | 21 |
| رقم التصنيف | 299.31 |
| رقم المادة | CC\A G |
| 100 1# - المدخل الرئيسى - إسم شخصى | |
| الإسم الشخصى | Armour, Robert A., |
| الدور | author. |
| 245 10 - بيان العنوان | |
| العنوان | Gods and myths of Ancient Egypt / |
| بيان المسئوليه,etc | Robert A. Armour. |
| 250 ## - بيان الطبعة | |
| بيان الطبعة | Paperback edition. |
| 300 ## - الوصف المادى | |
| التعداد | ix, 207 pages : illustrations, map ; |
| أبعاد الوعاء | 21 cm |
| 504 ## - تبصرة ببليوجرافية | |
| تبصرة ببليوجرافية,الخ | Includes bibliographical references (pages 191-201) and index. |
| 650 #0 - المدخل الاضافى بالموضوع-مصطلح موضوعى | |
| مصطلح موضوعي | Gods, Egyptian. |
| 650 #0 - المدخل الاضافى بالموضوع-مصطلح موضوعى | |
| مصطلح موضوعي | Mythology, Egyptian. |
| 942 ## - عناصر المدخل الإضافي( كوها) | |
| مصدر التصنيف او مخطط الترفيف | Dewey Decimal Classification |
| Koha [default] item type | كتاب |
| 264 #1 - | |
| -- | Cairo ; |
| -- | New York : |
| -- | American University in Cairo Press, |
| -- | [2016] |
| 336 ## - | |
| -- | text |
| -- | txt |
| -- | rdacontent |
| 337 ## - | |
| -- | unmediated |
| -- | n |
| -- | rdamedia |
| 338 ## - | |
| -- | volume |
| -- | nc |
| -- | rdacarrier |
| 906 ## - عنصر بيانات محلى F, LDF (RLIN) | |
| a | 7 |
| b | cbc |
| c | orignew |
| d | 2 |
| e | ncip |
| f | 20 |
| g | y-gencatlg |
| حالة التراجع | حالة الفقد | مصدر التصنيف او خطة الترفيف | حالة تلف | ليس للاعارة | المكان المؤقت | الموقع الحالى | موقع الترفيف | تاريخ الاكتساب | اجمالي اﻻعارات | رقم الطلب | الباركود | تاريخ اخر مشاهدة | تاريخ تفعيل السعر | نوع وعاء كوها |
|---|---|---|---|---|---|---|---|---|---|---|---|---|---|---|
| ddc | مكتبة القاهرة الكبرى | مكتبة القاهرة الكبرى | 10/29/2017 | 299.31 CC\A G | 163548 | 10/29/2017 | 10/29/2017 | كتاب |

